| LEADER | 00554nam a2200193Ia 4500 | ||
|---|---|---|---|
| 001 | CTU_88799 | ||
| 008 | 210402s9999 xx 000 0 und d | ||
| 020 | |c 126000 | ||
| 082 | |a 959.705 | ||
| 082 | |b T445/Vol.1 | ||
| 245 | 4 | |a The 30 - year war 1945-1975 | |
| 260 | |a Hà Nội | ||
| 260 | |b Thế Giới | ||
| 260 | |c 2002 | ||
| 650 | |a Vietnam | ||
| 650 | |x History | ||
| 650 | |y 1945-1954 | ||
| 904 | |i Trúc,Hải (sửa số pl 959.705/B100/Vol.1 thành 959.705/T445/Vol.1) | ||
| 980 | |a Trung tâm Học liệu Trường Đại học Cần Thơ | ||